Sanat - "Suomineito" - Olli Halonen - Statistics

Yleistilastot
  • Tätä visaa on pelattu 9 kertaa
  • Keskiarvotulos 74 / 234
Vastaustilastot
Vastaus % Oikein
kun
75%
75%
mun
75%
myös
75%
on
75%
rakkauslauluni
75%
75%
suomineidolle
75%
tää
75%
ei
50%
hameen
50%
helmoista
50%
hetkiä
50%
Ja
50%
ja
50%
kauniimpaa
50%
kesäpäiviä
50%
lempeitä
50%
Me
50%
monta
50%
myrskyisiä
50%
nyt
50%
oo
50%
Rakastan
50%
rantaa
50%
Saimaan
50%
silmiin
50%
sinisiin
50%
sun
50%
suomineitoa
50%
toista
50%
aaltojen
25%
aamu
25%
ensisäteet
25%
Hetkeks
25%
huipulle
25%
hukun
25%
hyväilet
25%
ikuisiin
25%
jäädään
25%
kädet
25%
käsivarttas
25%
kaunehista
25%
kaunis
25%
keskenään
25%
kestää
25%
kristallina
25%
kuinka
25%
kukkulaa
25%
kuljen
25%
laaksoo
25%
lailla
25%
laulu
25%
lausuttu
25%
luoja
25%
lupaan
25%
maailman
25%
maan
25%
melkein
25%
mut
25%
ne
25%
noihin
25%
öihin
25%
ootkaan
25%
peittää
25%
pitkien
25%
runoo
25%
sinun
25%
sua
25%
taas
25%
tämän
25%
tuntureides
25%
tuoksuun
25%
vain
25%
valo
25%
vettä
25%
vihdoin
25%
voi
25%
yöhön
25%
yöttömään
25%
ääristäkin
0%
Ammun
0%
halkoo
0%
hehkumaan
0%
helmeilee
0%
hiljaisuudes
0%
hiljaisuutta
0%
hiuksiis
0%
hiuksillasi
0%
hyväilee
0%
ihoa
0%
ihoasi
0%
ihollasi
0%
ihos
0%
joutsenten
0%
kaipaan
0%
katsotaan
0%
kohta
0%
kosken
0%
leikki
0%
liutaan
0%
meidät
0%
muodot
0%
näihin
0%
olemassakaan
0%
peilittyneen
0%
saa
0%
suomineidoista
0%
suutelee
0%
taikaisin
0%
takaisin
0%
täristen
0%
tavoittaa
0%
vartaloas
0%
vesi
0%
veteen
0%
voin
0%
yhdes
0%
Ehtoja vastaavia visoja ei löytynyt
Tulosjakauma
Jokaisen tuloksen saaneiden osuus
Persentiili vastausten määrän mukaan
Tuloshistoriasi
Et ole pelannut tätä visaa